| 000 | 00615nam a22001577a 4500 | ||
|---|---|---|---|
| 008 | 160111b xxu||||| |||| 00| 0 eng d | ||
| 020 | _a9780980061710 | ||
| 082 |
_a729.28 _bRUS-A 2012 |
||
| 100 | _aRussell, Sage | ||
| 245 |
_aThe architecture of light: _barchitectural lighting design concepts and techniques : a textbook of procedures and practices for the architect, interior designer and lighting designer. _cRussell, Sage |
||
| 250 | _a2nd. | ||
| 260 |
_aLa Jolla: _bConceptnine Print Media, _c2012. |
||
| 300 |
_ap.280; _bill.; _c26cm. |
||
| 650 | _aLighting, Architectural and decorative | ||
| 942 |
_2ddc _cBK |
||
| 999 |
_c355918 _d355918 |
||